Ce pays a-t-il existé ? - Statistiques

Statistiques générales
  • Ce quiz a été pris 553 fois
  • Le résultat moyen est 5 sur 10
Statistiques - réponses
Question Réponse % Correct
Le royaume des Deux-Siciles Oui
95%
La république du Texas Oui
72%
Empire Songhaï Oui
71%
Duché de Westrich Non
60%
Les provinces unis du Sahel Non
57%
L'émirat de Djerba Non
52%
Royaume de Bora Bora Oui
47%
Union malgache Non
45%
Sultanat de Singapour Non
34%
République d'Extrême-Orient Oui
16%
Aucun quiz correspondant
Distribution des résultats
% des personnes avec chaque résultat
Percentile par nombre de réponses
Votre historique - résultats
Vous n’avez pas pris ce quiz